States with the Worst Roads Quiz Stats

 Plays Quiz not verified by Sporcle

Challenge
Share
Tweet
Embed
Score 0/5 Timer 03:00
0 Plays Today
Answer % Correct
Oklahoma
84.4%
West Virginia
81.3%
Louisiana
78.1%
Arkansas
78.1%
North Carolina
75%

You're not logged in!

Compare scores with friends on all Sporcle quizzes.
Join for Free
OR
Log In

You Might Also Like...

Show Comments

Extras

Created Apr 27, 2014ReportNominate
Tags:State Quiz, road, worst

Top Quizzes Today


Score Distribution

Your Account Isn't Verified!

In order to create a playlist on Sporcle, you need to verify the email address you used during registration. Go to your Sporcle Settings to finish the process.

Report this User

Report this user for behavior that violates our Community Guidelines.

Details: